El proceso Lutero: 1517-1521
Shranjeno v:
| Glavni avtor: | |
|---|---|
| Format: | Knjiga |
| Jezik: | španščina |
| Izdano: |
Buenos Aires
Francisco de Aguirre
1973
|
| Teme: | |
| Oznake: |
Označite
Brez oznak, prvi označite!
|
MARC
| LEADER | 00000nam a2200000 a 4500 | ||
|---|---|---|---|
| 001 | UCP4934 | ||
| 003 | CL-VaPUC | ||
| 008 | 990821e19730000AG |||||||||||||||||spa|d | ||
| 082 | 0 | 4 | |a 284.109 |b OLI |2 21 |
| 100 | |a Olivier, Daniel |e autor |9 432994 | ||
| 245 | 1 | 3 | |a El proceso Lutero: 1517-1521 |
| 300 | |a 268 p | ||
| 600 | 0 | |a Lutero, Martín |d 1483-1546 |9 859309 | |
| 942 | |c BK | ||
| 945 | |d 19990821 00:00:00 |a crobeson | ||
| 260 | |a Buenos Aires |b Francisco de Aguirre |c 1973 | ||
| 650 | 0 | |a Protestantismo |9 317293 | |
| 650 | 0 | |a Reforma protestante |9 399322 | |
| 650 | 7 | |a HISTORIA ECLESIASTICA |2 CL-VaPUC |9 432995 | |
| 583 | |a last modification |c 19990821 00:00:00 |k Rodrigo Vera | ||
| 999 | |c 282824 |d 282822 | ||
| 952 | |0 0 |1 0 |4 0 |6 284_109000000000000_OLI_1973 |7 0 |8 A |9 325265 |a BIBHIS |b BIBHIS |d 2019-11-20 |i 1356496 |o 284.109 OLI 1973 |p 1356496 |r 2025-01-20 |w 2019-11-20 |y BK |k HIS | ||
| 952 | |0 0 |1 0 |4 0 |6 284_109000000000000_OLI_1973 |7 0 |8 A |9 325266 |a BIBTEO |b BIBTEO |d 2019-11-20 |i 2091798 |o 284.109 OLI 1973 |p 2091798 |r 2024-01-18 |w 2019-11-20 |y BK |k ICR | ||